000 00472nam a2200181Ia 4500
008 100917s9999 xx 000 0 und d
082 _b4260
100 _aआपटे ना. ह.
245 _aउमज पडेल तर
260 _b---
_c1949
300 _a163
365 _b2
520 _aकादंबरी
630 _aउमज पडेल तर
650 _aकादंबरी
730 _aउमज पडेल तर
942 _cBOOK
999 _c609654
_d609651